000 00673nam a2200241 i 4500
001 15637
003 ES-MaACL
005 20250911062634.0
007 t|
008 000407s2000 sp ||||1| spa d
020 _a84-233-3179-2
080 _a821.134.2-4"19"
080 _a821.134.2-92"19"
100 1 _aSánchez Ferlosio, Rafael,
_d1927-2019
_9102633
245 1 3 _aEl alma y la vergüenza /
_cRafael Sánchez Ferlosio.
250 _a1ª ed.
260 _aBarcelona :
_bDestino,
_c2000.
300 _a488 p. ;
_c23 cm.
490 1 _aAncora y delfín ;
_v874
830 0 0 _aÁncora y Delfín
_v874
_9151298
852 _aES-MaACL
_jL-22693
999 _c15637
_d15637